000
00333nam a2200145Ia 4500
005
20251222152006.0
008
251222s9999||||xx |||||||||||||| ||spa||
020
_a
8440220634
082
_a
813.5/K56
100
_a
King, Stephen
245
0
_a
Apocalipsis Parte I
250
_a
1ra.ed.
264
_b
Orbis • Fabbri
942
_c
LIB
999
_c
24730
_d
24730